[Event "3. Memorial Oliver Gonzalez 2012 - B"]
[Site "Madrid ESP"]
[Date "2012.09.06"]
[Round "6.30"]
[White "Martinez Miura, Enrique"]
[Black "Alvarez Escudero, Manuel"]
[Result "1-0"]
[WhiteElo "1707"]
[BlackElo "1826"]
[PlyCount "79"]
[EventDate "2012.09.01"]
[EventType "swiss"]
[EventRounds "9"]
[EventCountry "ESP"]
[Source "lmi"]
[SourceDate "2012.09.01"]

1. e4 e5 2. Nf3 Nc6 3. Bb5 d6 4. d4 exd4 5. Nxd4 Bd7 6. Nxc6 Bxc6 7. Bxc6+ bxc6
8. O-O Be7 9. Nc3 Nf6 10. b3 O-O 11. Bb2 Nd7 12. Re1 Bf6 13. Na4 Bxb2 14. Nxb2
Re8 15. Kh1 Nc5 16. f3 f5 17. Nd3 Nxd3 18. Qxd3 fxe4 19. Rxe4 d5 20. Rxe8+ Qxe8
21. Qc3 Qd7 22. Rd1 Re8 23. h3 Qd6 24. Re1 Rxe1+ 25. Qxe1 Kf7 26. Qa5 c5 27.
Qxa7 d4 28. a4 Ke6 29. Qa8 Kf6 30. a5 d3 31. cxd3 Qe6 32. Qf8+ Kg6 33. Qxc5
Qxb3 34. Qxc7 Qxd3 35. Qc6+ Kf7 36. Kh2 Qa3 37. a6 h6 38. Qc7+ Kg6 39. a7 Kh7
40. Qb8 1-0

[Event "3. Memorial Oliver Gonzalez 2012 - B"]
[Site "Madrid ESP"]
[Date "2012.09.06"]
[Round "6.31"]
[White "Barragan Panal, Juan Jose"]
[Black "Martinez Montalvo, Eduardo"]
[Result "1-0"]
[WhiteElo "1649"]
[BlackElo "1825"]
[PlyCount "61"]
[EventDate "2012.09.01"]
[EventType "swiss"]
[EventRounds "9"]
[EventCountry "ESP"]
[Source "lmi"]
[SourceDate "2012.09.01"]

1. Nf3 f5 2. c4 Nf6 3. b3 d6 4. Bb2 e5 5. e3 Be7 6. d3 O-O 7. Nc3 Qe8 8. Nd5
Nxd5 9. cxd5 c6 10. dxc6 Nxc6 11. d4 e4 12. Bc4+ Kh8 13. d5 Nb4 14. Nd4 Qg6 15.
Qd2 f4 16. O-O-O fxe3 17. fxe3 a5 18. a3 Na6 19. Rdf1 Bd7 20. Rxf8+ Rxf8 21.
Rf1 Rxf1+ 22. Bxf1 Qf7 23. Bc4 Bg5 24. Ne6 Bxe6 25. dxe6 Qe7 26. Bxa6 bxa6 27.
Qd4 d5 28. Qxd5 Bxe3+ 29. Kb1 h6 30. Qa8+ Kh7 31. Qxe4+ 1-0

[Event "3. Memorial Oliver Gonzalez 2012 - B"]
[Site "Madrid ESP"]
[Date "2012.09.06"]
[Round "6.32"]
[White "Galan Aguado, Fernando"]
[Black "Lianes Garcia, Marcos"]
[Result "1/2-1/2"]
[WhiteElo "1820"]
[BlackElo "1627"]
[PlyCount "174"]
[EventDate "2012.09.01"]
[EventType "swiss"]
[EventRounds "9"]
[EventCountry "ESP"]
[Source "lmi"]
[SourceDate "2012.09.01"]

1. d4 Nf6 2. Nf3 d5 3. e3 e6 4. Bd3 Nbd7 5. O-O c5 6. b3 b6 7. Bb2 Bb7 8. Nbd2
Be7 9. Ne5 Ne4 10. Qe2 a6 11. Rad1 Nxd2 12. Rxd2 Nxe5 13. dxe5 b5 14. f4 Qa5
15. c4 Bc6 16. Rfd1 Rd8 17. f5 bxc4 18. fxe6 fxe6 19. Qh5+ Kd7 20. bxc4 Kc7 21.
Qf7 Rhe8 22. cxd5 Bxd5 23. e4 Bxe4 24. h3 Bxd3 25. Rxd3 Rxd3 26. Rxd3 Qa4 27.
Rd2 Qc6 28. Rd6 Qb5 29. Rxe6 Kd8 30. Ba3 a5 31. Qf3 Qd7 32. Ra6 Bf8 33. Ra8+
Kc7 34. Ra7+ Kd8 35. Rxd7+ Kxd7 36. Qd5+ Kc7 37. Qf7+ Kd8 38. e6 Be7 39. Bxc5
Bxc5+ 40. Kh1 Re7 41. Qf5 Bb4 42. g4 h6 43. Qd5+ Kc7 44. Kg2 Kb6 45. a4 Kc7 46.
Kf3 Kb6 47. Ke4 Kc7 48. Qc4+ Kb6 49. Kd5 Kb7 50. Qc6+ Kb8 51. Qb6+ Kc8 52. h4
Rc7 53. Qa6+ Kb8 54. Qb5+ Kc8 55. h5 Re7 56. Qc6+ Kb8 57. Ke5 Rc7 58. Qb5+ Kc8
59. Qe8+ Kb7 60. Qb5+ Kc8 61. Kd5 Re7 62. Qb6 Rc7 63. Qe3 Re7 64. g5 hxg5 65.
Qxg5 Kc7 66. Qg6 Kb7 67. Ke5 Kc7 68. Kf5 Kd6 69. Qg3+ Kd5 70. Qe5+ Kc6 71. Kg6
Bc5 72. Qf5 Kd6 73. Qf7 Kc7 74. Qxg7 Kd6 75. Qf8 Kxe6 76. h6 Kd7 77. h7 Re6+
78. Kf7 Bxf8 79. h8=Q Re7+ 80. Kg8 Re8 81. Qd4+ Bd6+ 82. Kf7 Re7+ 83. Kf6 Re6+
84. Kf5 Re5+ 85. Kg4 Ke6 86. Qc4+ Kd7 87. Qf7+ Kc6 1/2-1/2

[Event "3. Memorial Oliver Gonzalez 2012 - B"]
[Site "Madrid ESP"]
[Date "2012.09.06"]
[Round "6.33"]
[White "Morona Minguez, Miguel"]
[Black "Sierra Soria, Maria"]
[Result "0-1"]
[WhiteElo "1631"]
[BlackElo "1795"]
[PlyCount "46"]
[EventDate "2012.09.01"]
[EventType "swiss"]
[EventRounds "9"]
[EventCountry "ESP"]
[Source "lmi"]
[SourceDate "2012.09.01"]

1. e4 d5 2. exd5 Qxd5 3. Nc3 Qd8 4. Bc4 Nf6 5. d3 Bg4 6. Nge2 e6 7. Bf4 Bd6 8.
Qd2 Nc6 9. O-O-O a6 10. f3 Bf5 11. Ng3 Bg6 12. Rhe1 b5 13. Nxb5 axb5 14. Bxb5
Qd7 15. Ne4 Nd5 16. Nxd6+ cxd6 17. a3 O-O 18. d4 Rfb8 19. Bc4 Qb7 20. Bb3 Bxc2
21. Qxc2 Nxf4 22. g3 Na5 23. Ba2 Rc8 0-1

[Event "3. Memorial Oliver Gonzalez 2012 - B"]
[Site "Madrid ESP"]
[Date "2012.09.06"]
[Round "6.34"]
[White "Ojosnegros Martin, Angel"]
[Black "Sanchez Romero, Ruben"]
[Result "1-0"]
[WhiteElo "1507"]
[BlackElo "1788"]
[PlyCount "39"]
[EventDate "2012.09.01"]
[EventType "swiss"]
[EventRounds "9"]
[EventCountry "ESP"]
[Source "lmi"]
[SourceDate "2012.09.01"]

1. e4 c5 2. Nf3 d6 3. d4 cxd4 4. Nxd4 Nf6 5. Nc3 a6 6. Be2 e5 7. Nf3 h6 8. h3
Be6 9. Be3 Be7 10. O-O O-O 11. Nh2 d5 12. exd5 Nxd5 13. Nxd5 Bxd5 14. Ng4 Nc6
15. Nxh6+ gxh6 16. Bxh6 Re8 17. Bc4 Bxc4 18. Qg4+ Bg5 19. Bxg5 f5 20. Qxc4+ 1-0

[Event "3. Memorial Oliver Gonzalez 2012 - B"]
[Site "Madrid ESP"]
[Date "2012.09.06"]
[Round "6.37"]
[White "Alfaya Marcelo, Roberto"]
[Black "Sanchez Tapia, Luis G"]
[Result "1-0"]
[WhiteElo "1740"]
[BlackElo "1605"]
[PlyCount "95"]
[EventDate "2012.09.01"]
[EventType "swiss"]
[EventRounds "9"]
[EventCountry "ESP"]
[Source "lmi"]
[SourceDate "2012.09.01"]

1. d4 d5 2. c4 c6 3. Nc3 Nf6 4. Nf3 e6 5. Bg5 Be7 6. e3 O-O 7. Qc2 Nbd7 8. cxd5
Nxd5 9. Bxe7 Nxe7 10. Bd3 h6 11. O-O a6 12. b4 Nd5 13. Nxd5 exd5 14. Rfc1 Re8
15. a4 Nb8 16. b5 Qe7 17. bxc6 Nxc6 18. Qc5 Qd7 19. Bc2 Qd8 20. Bb3 Be6 21. a5
Rc8 22. Qa3 Re7 23. Rc5 Rec7 24. Rac1 Qd6 25. Ra1 g6 26. h3 Kg7 27. Ne1 f6 28.
Nd3 g5 29. Rac1 h5 30. Qa2 Bf5 31. Rxd5 Qe7 32. Rxf5 Qe4 33. Nc5 Qxf5 34. Ne6+
Kh6 35. Nxc7 Rxc7 36. Rc5 Qh7 37. Bc2 Qe7 38. Qg8 Qg7 39. Qxg7+ Kxg7 40. d5 Kf7
41. dxc6 bxc6 42. Be4 Ke6 43. Rxc6+ Rxc6 44. Bxc6 Kd6 45. Bb7 Kc5 46. Bxa6 Kb4
47. Be2 h4 48. a6 1-0

[Event "3. Memorial Oliver Gonzalez 2012 - B"]
[Site "Madrid ESP"]
[Date "2012.09.06"]
[Round "6.38"]
[White "Garcia Hernandez, Javier"]
[Black "Serrano Leiva, Ana"]
[Result "1/2-1/2"]
[WhiteElo "1721"]
[BlackElo "1539"]
[PlyCount "56"]
[EventDate "2012.09.01"]
[EventType "swiss"]
[EventRounds "9"]
[EventCountry "ESP"]
[Source "lmi"]
[SourceDate "2012.09.01"]

1. d4 Nf6 2. c4 e6 3. Nc3 c5 4. Nf3 cxd4 5. Nxd4 Nc6 6. e3 Bb4 7. Qc2 a6 8.
Nxc6 bxc6 9. Bd3 Qc7 10. h3 O-O 11. O-O d5 12. b3 Bd6 13. Bb2 Bb7 14. Na4 Ne4
15. c5 Be5 16. Bxe5 Qxe5 17. Bxe4 dxe4 18. Rfd1 Rfd8 19. Rxd8+ Rxd8 20. Rd1
Rxd1+ 21. Qxd1 Qd5 22. Nc3 Qxd1+ 23. Nxd1 a5 24. Nc3 f5 25. Ne2 Kf7 26. Nd4 Kf6
27. Kf1 Ke5 28. Ke2 Kd5 1/2-1/2

[Event "3. Memorial Oliver Gonzalez 2012 - B"]
[Site "Madrid ESP"]
[Date "2012.09.06"]
[Round "6.39"]
[White "Duque Suarez, Leonardo"]
[Black "Vazquez Gonzalez, Francisco"]
[Result "0-1"]
[WhiteElo "1640"]
[BlackElo "2049"]
[PlyCount "48"]
[EventDate "2012.09.01"]
[EventType "swiss"]
[EventRounds "9"]
[EventCountry "ESP"]
[Source "lmi"]
[SourceDate "2012.09.01"]

1. e4 e5 2. Nf3 Nc6 3. Bb5 f5 4. exf5 e4 5. Bxc6 dxc6 6. Ne5 Nf6 7. O-O Bd6 8.
d4 Bxf5 9. Nc3 Qe7 10. f3 Bxe5 11. dxe5 Qxe5 12. Nxe4 Bxe4 13. fxe4 O-O 14. Re1
Nxe4 15. Qg4 Rae8 16. Bh6 Qc5+ 17. Re3 Rf7 18. Rf1 Rxf1+ 19. Kxf1 Qf8+ 20. Rf3
Nf6 21. Qc4+ Kh8 22. Bg5 Qd6 23. Bxf6 Qd1+ 24. Kf2 Qe1# 0-1

[Event "3. Memorial Oliver Gonzalez 2012 - B"]
[Site "Madrid ESP"]
[Date "2012.09.06"]
[Round "6.40"]
[White "Sanchez Gomez, Emiliano"]
[Black "Sierra Bermejo, Gregorio"]
[Result "1-0"]
[WhiteElo "1933"]
[BlackElo "1664"]
[PlyCount "57"]
[EventDate "2012.09.01"]
[EventType "swiss"]
[EventRounds "9"]
[EventCountry "ESP"]
[Source "lmi"]
[SourceDate "2012.09.01"]

1. e4 d5 2. exd5 Qxd5 3. Nc3 Qd8 4. Nf3 Nf6 5. h3 c6 6. Bc4 Bf5 7. d3 e6 8. O-O
Nbd7 9. a4 Bd6 10. Re1 O-O 11. Ne4 Be7 12. Bf4 Nb6 13. Bb3 Nbd5 14. Bg3 Nh5 15.
Bh2 Nhf6 16. Qe2 h6 17. Ne5 Bb4 18. c3 Ba5 19. Nc5 Bc7 20. Nxb7 Qb8 21. Nc5 Rd8
22. Bg3 Qb6 23. d4 Bd6 24. Nc4 Qc7 25. Nxd6 Rxd6 26. Bxd6 Qxd6 27. Qe5 Qe7 28.
c4 Nb6 29. Qxf5 1-0

[Event "3. Memorial Oliver Gonzalez 2012 - B"]
[Site "Madrid ESP"]
[Date "2012.09.06"]
[Round "6.41"]
[White "Leniz Martinez, Francisco"]
[Black "Martinez Pastor, Francisco"]
[Result "1-0"]
[WhiteElo "1834"]
[BlackElo "1602"]
[PlyCount "35"]
[EventDate "2012.09.01"]
[EventType "swiss"]
[EventRounds "9"]
[EventCountry "ESP"]
[Source "lmi"]
[SourceDate "2012.09.01"]

1. e4 e6 2. d3 d5 3. Nd2 Nf6 4. Ngf3 dxe4 5. dxe4 c5 6. Bd3 Nc6 7. O-O Bd6 8.
Bb5 O-O 9. Bxc6 Be7 10. Bb5 a6 11. Bd3 b5 12. b3 e5 13. Bb2 Re8 14. a4 b4 15.
Re1 h6 16. Bf1 Bg4 17. Re3 Nh5 18. Qe1 1-0

[Event "3. Memorial Oliver Gonzalez 2012 - B"]
[Site "Madrid ESP"]
[Date "2012.09.06"]
[Round "6.42"]
[White "Salgado Duarte, Pablo"]
[Black "Fernandez Garcia, Ignacio"]
[Result "1-0"]
[WhiteElo "1579"]
[BlackElo "1832"]
[PlyCount "47"]
[EventDate "2012.09.01"]
[EventType "swiss"]
[EventRounds "9"]
[EventCountry "ESP"]
[Source "lmi"]
[SourceDate "2012.09.01"]

1. d4 Nf6 2. c4 d6 3. Nf3 g6 4. Nc3 Bg7 5. e4 O-O 6. h3 Nc6 7. Be2 Re8 8. O-O
Bd7 9. Be3 e5 10. d5 Nd4 11. Nxd4 exd4 12. Bxd4 Nxe4 13. Bxg7 Kxg7 14. Nxe4
Rxe4 15. Qd3 Qe7 16. Bf3 Re5 17. Qc3 Re8 18. Qd4 c5 19. dxc6 Bxc6 20. Bxc6 bxc6
21. f4 Qh4 22. Qc3 f5 23. fxe5 dxe5 24. Rad1 1-0

[Event "3. Memorial Oliver Gonzalez 2012 - B"]
[Site "Madrid ESP"]
[Date "2012.09.06"]
[Round "6.43"]
[White "Vazquez Cabeza, Isaac"]
[Black "Dominguez Alfara, Miguel"]
[Result "0-1"]
[WhiteElo "1462"]
[BlackElo "1828"]
[PlyCount "36"]
[EventDate "2012.09.01"]
[EventType "swiss"]
[EventRounds "9"]
[EventCountry "ESP"]
[Source "lmi"]
[SourceDate "2012.09.01"]

1. c4 c6 2. d4 d5 3. Nc3 e6 4. Nf3 Nf6 5. cxd5 cxd5 6. e3 Nc6 7. Bb5 a6 8. Ba4
b5 9. Bc2 Bd6 10. O-O O-O 11. Re1 Bb7 12. e4 dxe4 13. Nxe4 Nb4 14. Nxd6 Qxd6
15. Bg5 Ng4 16. h3 Bxf3 17. gxf3 Qh2+ 18. Kf1 Qxf2# 0-1

[Event "3. Memorial Oliver Gonzalez 2012 - B"]
[Site "Madrid ESP"]
[Date "2012.09.06"]
[Round "6.44"]
[White "Tolosana Esteban, Enrique"]
[Black "Rottenwoerer, Christoph"]
[Result "0-1"]
[WhiteElo "1799"]
[BlackElo "1599"]
[PlyCount "136"]
[EventDate "2012.09.01"]
[EventType "swiss"]
[EventRounds "9"]
[EventCountry "ESP"]
[Source "lmi"]
[SourceDate "2012.09.01"]

1. e4 c5 2. f4 d5 3. exd5 Qxd5 4. Nc3 Qd8 5. Nf3 Nc6 6. Bc4 Bg4 7. Bxf7+ Kd7 8.
h3 Nh6 9. hxg4 Nxf7 10. d4 Qa5 11. dxc5+ Ke8 12. Rh5 e6 13. Qe2 Kd7 14. Be3 Re8
15. O-O-O+ Kc8 16. Qd3 Rd8 17. Qe4 Rxd1+ 18. Kxd1 Nfd8 19. Nd4 g6 20. Nxc6 bxc6
21. Bd4 gxh5 22. Bxh8 Qxc5 23. gxh5 Qxh5+ 24. Ne2 Be7 25. Be5 h6 26. Qc4 Qh1+
27. Kd2 Qxg2 28. Qa6+ Kd7 29. Qxa7+ Ke8 30. a4 h5 31. Qg1 Qxg1 32. Nxg1 Bc5 33.
Nf3 Kf7 34. a5 Ba7 35. Bc7 Nb7 36. Ne5+ Ke8 37. Nxc6 Bg1 38. Ne5 Nc5 39. Ke2
Ne4 40. b4 Nc3+ 41. Kd3 Nd5 42. Ke4 Nxc7 43. c4 Na6 44. Nc6 Kd7 45. b5 Nc5+ 46.
Ke5 h4 47. Nb4 h3 48. b6 h2 49. a6 Nxa6 50. Nxa6 Bxb6 51. c5 Ba7 52. Nb4 Bb8+
53. Kd4 Ba7 54. Kc4 h1=Q 55. c6+ Kc8 56. Kb5 Qf1+ 57. Ka5 Qxf4 58. Kb5 Qc7 59.
Kc4 Qf4+ 60. Kb5 Qf1+ 61. Ka5 Qa1+ 62. Kb5 Bg1 63. Kc4 e5 64. Kb5 Bd4 65. c7
Qc3 66. Ka4 Qxc7 67. Kb5 Qc5+ 68. Ka6 Qb6# 0-1

[Event "3. Memorial Oliver Gonzalez 2012 - B"]
[Site "Madrid ESP"]
[Date "2012.09.06"]
[Round "6.45"]
[White "Cabedo Marquez, Ramon"]
[Black "Mateos Cordero, Francisco"]
[Result "0-1"]
[WhiteElo "1751"]
[BlackElo "1506"]
[PlyCount "172"]
[EventDate "2012.09.01"]
[EventType "swiss"]
[EventRounds "9"]
[EventCountry "ESP"]
[Source "lmi"]
[SourceDate "2012.09.01"]

1. d4 d5 2. g3 c6 3. Bg2 Nf6 4. Nc3 Bf5 5. Nf3 Nbd7 6. O-O e6 7. Re1 Be7 8. Nh4
Bg6 9. Nxg6 hxg6 10. e4 dxe4 11. Nxe4 Nxe4 12. Bxe4 Nf6 13. Bf3 Qc7 14. c4 Bb4
15. Bd2 Qa5 16. Bxb4 Qxb4 17. b3 Qa5 18. d5 O-O-O 19. Qc2 exd5 20. cxd5 Nxd5
21. Bxd5 Qxd5 22. Rad1 Qh5 23. Rxd8+ Rxd8 24. a4 Qd5 25. b4 Qd2 26. Qe4 Qd5 27.
b5 Qxe4 28. Rxe4 cxb5 29. axb5 Kc7 30. Re7+ Rd7 31. Re3 Kb6 32. Re5 a5 33. bxa6
Kxa6 34. h4 b5 35. h5 gxh5 36. Rxh5 b4 37. Re5 b3 38. Re2 Kb5 39. Kf1 Kb4 40.
Re8 Rc7 41. Ke1 b2 42. Kd2 Rb7 43. Kc2 Kc4 44. Kb1 g5 45. g4 Rb6 46. Re7 f6 47.
Re8 Kd5 48. Re2 Rb4 49. f3 Rb3 50. Re8 Rxf3 51. Kxb2 Rf4 52. Kc3 Rxg4 53. Kd3
Rg1 54. Ke2 Rg4 55. Kf3 Rf4+ 56. Kg3 Re4 57. Ra8 Ke6 58. Re8+ Kf5 59. Ra8 Re3+
60. Kf2 Rb3 61. Ra5+ Kg6 62. Kg2 f5 63. Ra6+ Kh5 64. Ra8 Kg4 65. Ra4+ f4 66.
Ra2 Kh4 67. Kf2 Kh3 68. Ra5 Kg4 69. Ra2 Rg3 70. Ra4 Kh3 71. Ra5 Kg4 72. Ra4 Rh3
73. Kg2 Re3 74. Kf2 Re5 75. Ra2 Kf5 76. Ra8 g4 77. Rf8+ Ke4 78. Ke2 g3 79. Rf7
Re6 80. Rf8 Ke5 81. Kf3 Rf6 82. Re8+ Kf5 83. Re4 Kg5 84. Re8 Rg6 85. Re5+ Kf6
86. Kxf4 g2 0-1

[Event "3. Memorial Oliver Gonzalez 2012 - B"]
[Site "Madrid ESP"]
[Date "2012.09.06"]
[Round "6.46"]
[White "Zhynguel Ramirez De Verger, Al"]
[Black "Tevar Becerra, Alvaro"]
[Result "0-1"]
[WhiteElo "1704"]
[BlackElo "1559"]
[PlyCount "36"]
[EventDate "2012.09.01"]
[EventType "swiss"]
[EventRounds "9"]
[EventCountry "ESP"]
[Source "lmi"]
[SourceDate "2012.09.01"]

1. d4 Nf6 2. Bf4 c5 3. e3 Qb6 4. b3 cxd4 5. exd4 g6 6. Nf3 Bg7 7. c3 O-O 8.
Nbd2 Nd5 9. Nc4 Qe6+ 10. Be3 Nxc3 11. Ng5 Nxd1 12. Nxe6 Nxe3 13. Nxf8 Nc2+ 14.
Kd2 Nxa1 15. Nxg6 hxg6 16. Ne5 Nc6 17. Nxc6 dxc6 18. Kc3 c5 0-1

[Event "3. Memorial Oliver Gonzalez 2012 - B"]
[Site "Madrid ESP"]
[Date "2012.09.06"]
[Round "6.47"]
[White "Titeiu, Melania"]
[Black "Nuñez Barranco, Lucia"]
[Result "1-0"]
[WhiteElo "1695"]
[BlackElo "1472"]
[PlyCount "76"]
[EventDate "2012.09.01"]
[EventType "swiss"]
[EventRounds "9"]
[EventCountry "ESP"]
[Source "lmi"]
[SourceDate "2012.09.01"]

1. c4 e5 2. Nc3 Nf6 3. Nf3 Nc6 4. e3 Bc5 5. a3 d5 6. b4 Be7 7. cxd5 Nxd5 8. Bb2
O-O 9. Qc2 Bf6 10. Ne4 Bf5 11. Bd3 Bxe4 12. Bxe4 g6 13. Qc5 Nde7 14. Bxe5 Nxe5
15. Nxe5 Nc6 16. Nxc6 Qe8 17. Ne7+ Qxe7 18. Qxe7 Bxe7 19. Bxb7 Bf6 20. Ra2 Rab8
21. Bc6 a5 22. b5 Rfd8 23. Ke2 Kg7 24. d4 Rd6 25. Rc1 Re6 26. Rc4 Rd8 27. d5
Re7 28. Ra4 Bc3 29. Rc2 Be5 30. g3 Bd4 31. Rxd4 Kf6 32. Rcc4 Kf5 33. Ra4 f6 34.
Rxa5 Rf7 35. Ra8 Rxa8 36. Bxa8 Rf8 37. Bc6 Ke5 38. a4 Kd6 1-0

[Event "3. Memorial Oliver Gonzalez 2012 - B"]
[Site "Madrid ESP"]
[Date "2012.09.06"]
[Round "6.48"]
[White "Melcon Mediavilla, Rodrigo"]
[Black "Lacaci Otero, Ivan"]
[Result "0-1"]
[WhiteElo "1453"]
[BlackElo "1686"]
[PlyCount "134"]
[EventDate "2012.09.01"]
[EventType "swiss"]
[EventRounds "9"]
[EventCountry "ESP"]
[Source "lmi"]
[SourceDate "2012.09.01"]

1. e4 c5 2. Nf3 d6 3. d4 Nc6 4. dxc5 dxc5 5. Qxd8+ Nxd8 6. Nc3 Nc6 7. Nd5 Kd8
8. Ng5 Ne5 9. Bf4 h6 10. Bxe5 hxg5 11. O-O-O Bd7 12. Nc7 Rc8 13. Bb5 Rxc7 14.
Bxc7+ Kxc7 15. Rxd7+ Kb6 16. Bc4 Nf6 17. Rd8 Nxe4 18. f3 Nd6 19. b3 g6 20. Re1
g4 21. Rxe7 Bh6+ 22. Kb1 Rxd8 23. fxg4 Bg7 24. Bd3 c4 25. bxc4 Nxc4 26. a4 Nd6
27. Bxg6 Bf6 28. Re3 fxg6 29. Re6 Bd4 30. Rxg6 Kc7 31. h4 Nf7 32. Re6 Ne5 33.
g5 Rh8 34. g3 Kd7 35. Rf6 Nc6 36. Rf3 Re8 37. h5 Nb4 38. c3 Re3 39. Rxe3 Bxe3
40. g6 Nd5 41. Kc2 Bh6 42. Kd3 Ke6 43. g4 Nf6 44. Kc4 Kd6 45. Kb5 Kc7 46. c4
a6+ 47. Kc5 Nxg4 48. Kd4 Nf6 49. Ke5 Nxh5 50. a5 Kc6 51. Kd4 Nf4 52. Kc3 Kc5
53. Kb3 Nxg6 54. Ka4 Ne5 55. Kb3 Nxc4 56. Ka4 Bg5 57. Kb3 Kb5 58. Kc3 Nxa5 59.
Kb2 Nc6 60. Kb3 b6 61. Ka3 Kc4 62. Kb2 Kb4 63. Ka2 Kc3 64. Kb1 b5 65. Ka2 Kc2
66. Ka1 b4 67. Ka2 b3+ 0-1

[Event "3. Memorial Oliver Gonzalez 2012 - B"]
[Site "Madrid ESP"]
[Date "2012.09.06"]
[Round "6.49"]
[White "Yaniz Lana, Francisco Javier"]
[Black "Martin Rodriguez, Jose L"]
[Result "1-0"]
[WhiteElo "1667"]
[BlackElo "1431"]
[PlyCount "65"]
[EventDate "2012.09.01"]
[EventType "swiss"]
[EventRounds "9"]
[EventCountry "ESP"]
[Source "lmi"]
[SourceDate "2012.09.01"]

1. d4 Nf6 2. Bf4 e6 3. e3 c5 4. c3 d5 5. Nf3 Nc6 6. Nbd2 Bd6 7. Bg3 c4 8. b3 b5
9. Ne5 Bb7 10. a4 a6 11. Qf3 Qe7 12. Qd1 Bc7 13. f4 Ne4 14. Nxe4 dxe4 15. bxc4
Nxe5 16. fxe5 Ba5 17. Qc2 bxc4 18. Be2 Qg5 19. Qd2 O-O 20. O-O f5 21. Bxc4 Bd5
22. Bxd5 exd5 23. Rf4 Qg6 24. Qa2 Qe6 25. Raf1 g6 26. Bh4 Rac8 27. g4 Rxc3 28.
gxf5 gxf5 29. Rxf5 Rxf5 30. Rxf5 Qg6+ 31. Rg5 Qxg5+ 32. Bxg5 Rc1+ 33. Kg2 1-0

[Event "3. Memorial Oliver Gonzalez 2012 - B"]
[Site "Madrid ESP"]
[Date "2012.09.06"]
[Round "6.50"]
[White "Romero Jaime, Pedro"]
[Black "Siu Burillo, Joaquin"]
[Result "0-1"]
[WhiteElo "1665"]
[BlackElo "1368"]
[PlyCount "104"]
[EventDate "2012.09.01"]
[EventType "swiss"]
[EventRounds "9"]
[EventCountry "ESP"]
[Source "lmi"]
[SourceDate "2012.09.01"]

1. c4 Nf6 2. g3 e6 3. Bg2 d5 4. Nf3 Nbd7 5. O-O Bd6 6. d4 dxc4 7. Qc2 O-O 8.
Qxc4 c6 9. Bg5 Qb6 10. Qc2 h6 11. Bxf6 Nxf6 12. Nbd2 Qc7 13. Nc4 Re8 14. Nxd6
Qxd6 15. e4 Qc7 16. Ne5 Nd7 17. f4 Nxe5 18. fxe5 Bd7 19. Rac1 Rac8 20. b4 Qb6
21. Qc3 Qc7 22. a4 c5 23. Qf3 Bxa4 24. Rxc5 Qd7 25. Qe3 Red8 26. d5 b6 27. Rxc8
Rxc8 28. Rc1 Bb5 29. Bf3 Rc4 30. Rxc4 Bxc4 31. Qd4 Qb5 32. Qd2 Qd7 33. h4 Qd8
34. Qd4 Bb5 35. Bd1 Qc7 36. Qd2 Qc4 37. dxe6 Qxe6 38. Qd4 Qd7 39. Qxd7 Bxd7 40.
Kf2 Be6 41. Ke3 Kf8 42. Kf4 Ke7 43. g4 Kd7 44. Ba4+ Ke7 45. b5 Bd7 46. e6 fxe6
47. h5 Kd6 48. g5 e5+ 49. Ke3 hxg5 50. Kd3 Kc5 51. Kc3 Bxb5 52. Bd1 Bd7 0-1

[Event "3. Memorial Oliver Gonzalez 2012 - B"]
[Site "Madrid ESP"]
[Date "2012.09.06"]
[Round "6.52"]
[White "Hernandez Ramos, Alberto"]
[Black "Rodriguez Gomez, Jose"]
[Result "0-1"]
[WhiteElo "1422"]
[BlackElo "1716"]
[PlyCount "102"]
[EventDate "2012.09.01"]
[EventType "swiss"]
[EventRounds "9"]
[EventCountry "ESP"]
[Source "lmi"]
[SourceDate "2012.09.01"]

1. e4 e5 2. Nf3 Nc6 3. Bc4 d6 4. h3 Be7 5. d4 exd4 6. Nxd4 Nxd4 7. Qxd4 Nf6 8.
Nc3 c6 9. Bf4 O-O 10. O-O-O Nh5 11. Bxd6 Bxd6 12. Qxd6 Qg5+ 13. Kb1 Qxg2 14.
Qd4 Qg6 15. Rhg1 Qf6 16. e5 Qh6 17. Qe3 Qxe3 18. fxe3 g6 19. h4 Bf5 20. Be2 Ng7
21. h5 gxh5 22. Bxh5 Bg6 23. Bg4 Rfe8 24. Bf3 Rxe5 25. e4 Kf8 26. Rd7 Re7 27.
Rgd1 Rxd7 28. Rxd7 Rb8 29. Bg4 h5 30. Bh3 Ne6 31. Bxe6 fxe6 32. e5 h4 33. Rd4
h3 34. Rh4 Bf5 35. Ne2 Kg7 36. Ng3 Kg6 37. Nxf5 Kxf5 38. Rxh3 Kxe5 39. Rh4 b5
40. b3 a6 41. c3 c5 42. Kc2 a5 43. Rh5+ Kd6 44. Kd3 Rg8 45. Rh4 Rg3+ 46. Ke4
Rxc3 47. Rh2 c4 48. Kd4 Rc1 49. bxc4 Rxc4+ 50. Kd3 Rg4 51. Rc2 Kd5 0-1

[Event "3. Memorial Oliver Gonzalez 2012 - B"]
[Site "Madrid ESP"]
[Date "2012.09.06"]
[Round "6.53"]
[White "Anton Quevedo, Andrea"]
[Black "Martinez Martinez, Antonio"]
[Result "0-1"]
[WhiteElo "1416"]
[BlackElo "1667"]
[PlyCount "88"]
[EventDate "2012.09.01"]
[EventType "swiss"]
[EventRounds "9"]
[EventCountry "ESP"]
[Source "lmi"]
[SourceDate "2012.09.01"]

1. e4 g6 2. d4 d6 3. Be3 c6 4. Nc3 Bg7 5. Qd2 Bd7 6. O-O-O b5 7. f3 b4 8. Nb1
a5 9. Bc4 Na6 10. Qd3 Nc7 11. Qb3 e6 12. d5 exd5 13. exd5 cxd5 14. Bxd5 Nxd5
15. Qxd5 Rc8 16. Qxd6 Ne7 17. Bb6 Nf5 18. Re1+ Be6 19. Qxd8+ Rxd8 20. Bxd8 Kxd8
21. a3 Bh6+ 22. Kd1 Ne3+ 23. Ke2 Ke7 24. axb4 Nxc2 25. Rd1 axb4 26. g3 Bg7 27.
Rd2 Bc4+ 28. Kd1 Ne3+ 29. Kc1 Rc8 30. Rf2 Bb3+ 31. Kd2 Nc4+ 32. Kd3 Nxb2+ 33.
Ke4 Rc4+ 34. Ke3 Nd1+ 35. Ke2 Rc2+ 36. Kxd1 Rxf2+ 37. Ke1 Rb2 38. Nd2 Bc3 39.
h4 Rxd2 40. Rh3 Be6 41. g4 h5 42. Ne2 hxg4 43. fxg4 Rd3+ 44. Kf2 Rxh3 0-1

[Event "3. Memorial Oliver Gonzalez 2012 - B"]
[Site "Madrid ESP"]
[Date "2012.09.06"]
[Round "6.54"]
[White "Melcon Diez, Enrique"]
[Black "Barria Arbunic, Manuel"]
[Result "1-0"]
[WhiteElo "1635"]
[BlackElo "1470"]
[PlyCount "113"]
[EventDate "2012.09.01"]
[EventType "swiss"]
[EventRounds "9"]
[EventCountry "ESP"]
[Source "lmi"]
[SourceDate "2012.09.01"]

1. c4 e5 2. Nc3 a6 3. Nf3 Nc6 4. d4 exd4 5. Nxd4 Bc5 6. e3 Nxd4 7. exd4 Ba7 8.
Qg4 Qf6 9. Be3 d6 10. Qe4+ Qe6 11. Bd3 Qxe4 12. Bxe4 Nf6 13. Bf3 Ng4 14. Nd5
Nxe3 15. fxe3 Bb8 16. O-O O-O 17. Ne7+ Kh8 18. Nxc8 Rxc8 19. Bxb7 Ba7 20. Bxa8
Rxa8 21. Rxf7 Bb6 22. Raf1 g6 23. Rf8+ Rxf8 24. Rxf8+ Kg7 25. Rc8 c5 26. Rc6
Bd8 27. Rxd6 Bg5 28. Kf2 cxd4 29. exd4 Bf4 30. Rxa6 Bc1 31. b3 Kf7 32. Ra7+ Ke8
33. Rxh7 Bb2 34. Ke3 g5 35. Rg7 Kf8 36. Rxg5 Bc1+ 37. Ke4 Bxg5 38. g4 Ke7 39.
h3 Ke6 40. a4 Kd6 41. b4 Bd2 42. b5 Ba5 43. c5+ Kc7 44. h4 Be1 45. h5 Bh4 46.
a5 Kb7 47. a6+ Ka7 48. Kd5 Be7 49. Kc6 Ka8 50. h6 Ka7 51. h7 Bf6 52. d5 Ka8 53.
d6 Ka7 54. d7 Be7 55. h8=Q Bf6 56. Qc8 Bd8 57. Qb7# 1-0

[Event "3. Memorial Oliver Gonzalez 2012 - B"]
[Site "Madrid ESP"]
[Date "2012.09.07"]
[Round "7.1"]
[White "Abul, Qasem"]
[Black "Fernandez Gil, Ruben Carlos"]
[Result "0-1"]
[WhiteElo "2030"]
[BlackElo "1891"]
[PlyCount "61"]
[EventDate "2012.09.01"]
[EventType "swiss"]
[EventRounds "9"]
[EventCountry "ESP"]
[Source "lmi"]
[SourceDate "2012.09.01"]

1. e4 c5 2. Nf3 Nc6 3. d4 cxd4 4. Nxd4 g6 5. Bc4 Bg7 6. Nxc6 bxc6 7. O-O d6 8.
Nc3 Nf6 9. e5 dxe5 10. Qf3 Bb7 11. Ne4 O-O 12. Ng5 Nd5 13. Qh3 h6 14. Ne4 Bc8
15. Qh4 Kh7 16. Rd1 Bf5 17. Nc3 e6 18. Qg3 Bxc2 19. Rd2 Bf5 20. Qf3 Qh4 21.
Bxd5 exd5 22. h3 d4 23. Ne2 Be4 24. Qa3 f5 25. Ng3 Bd5 26. Re2 f4 27. Ne4 f3
28. gxf3 Qxh3 29. Bd2 Rxf3 30. Qe7 Qg4+ 31. Kf1 0-1